| 000 | 01466nam a22003371i 4500 | ||
|---|---|---|---|
| 003 | CO-BoRNBP | ||
| 005 | 20241122075107.0 | ||
| 007 | ta | ||
| 008 | 241122s2023 ck a|||| |||| 00| 0 spa d | ||
| 020 | _a9786287506794 | ||
| 040 |
_aCO-BoRNBP _bspa _cCO-BoRNBP _erda |
||
| 043 | _as-ck--- | ||
| 082 |
_a808.899282 M62i _bM62i _2Primera edición |
||
| 100 | 1 |
_aModernell, Álvaro _eautor _944065 |
|
| 245 | 1 |
_aIguales y diferentes/ _cÁlvaro Modernell; ilustraciones Romont Willy; traducción, Kamilla Bonilla Ramos |
|
| 250 | _aPrimera edición | ||
| 264 |
_aBogotá, Colombia _bEnlace Editorial _c©2023 |
||
| 300 |
_a23 páginas, _bilustraciones a color, _c21 cm. _eCartilla de entrenamiento de lectura |
||
| 336 |
_2rdacontenido _atexto _btxt |
||
| 337 |
_2rdamedio _asin mediación _bn |
||
| 338 |
_2rdasoporte _avolumen _bnc |
||
| 490 | _aColección El Tren Dorado, Primera estación | ||
| 520 | _aIguales y diferentes es el tema de este libro, en el que simpáticos animales en distintas situaciones nos revelan cómo los seres humanos, a veces, dejamos de respetar las diferencias o no aceptamos las igualdades entre nosotros. | ||
| 650 | 1 | 7 |
_2ARMARC _aLiteratura infantil _92746 |
| 650 | 1 | 7 |
_2ARMARC _aCuento infantil _916411 |
| 650 | 1 | 7 |
_2ARMARC _aIguales y diferentes _944066 |
| 650 | 1 | 7 |
_2ARMARC _aFicción |
| 700 | 1 |
_aAlfonso Rubiano _eDirección general _944067 |
|
| 700 | 1 |
_aNathalia Castañeda Aponte _eDirección editorial _944068 |
|
| 942 |
_2ddc _cBKINF |
||
| 999 |
_c38575 _d38575 |
||